000 00418nam a2200157 a 4500
001 4017
005 20140414132118.0
008 040603s19uu xx 00 eng d
020 _a9781574718225
050 _aTR 372.6
_bH47 1997
100 _aHetxel, June
245 _aSteps to writing success :
_bLevel 2.
260 _bCreative Teaching Press,
_c2002.
650 _aWriting
_xStudy and teaching.
999 _c114981
_d114981